| 000 | 01129nam a22002897a 4500 | ||
|---|---|---|---|
| 005 | 20250105163150.0 | ||
| 007 | cr |||aaa||||| | ||
| 008 | 250105s1999 mx|a|||go|||| 00| 0 spa d | ||
| 020 | _a9789686029543 | ||
| 020 | _a9782821846210 | ||
| 040 |
_aMX-MxUPN _bspa _cMX-MxUPN _eaacr2 |
||
| 041 | _aspa | ||
| 050 | 1 | 4 | _aF1219.1 M55 |
| 100 | 1 |
_aDarras, Véronique _955108 |
|
| 245 | 1 | 0 |
_aTecnologías prehispánicas de la obsidiana : _blos centros de producción de la región de Zináparo-Prieto, Michoacán, México _h[recurso electrónico en línea] |
| 260 |
_aMéxico : _bCentro de Estudios Mexicanos y Centroamericanos, _c1999. |
||
| 300 |
_a1 recurso en línea (201 páginas) : _bilustraciones |
||
| 490 | 0 |
_aCuadernos de estudios michoacanos ; _v9 |
|
| 504 | _aIncluye referencias bibliográficas | ||
| 506 | 0 | _aAcceso abierto | |
| 650 | 4 |
_aIndígenas de México _zMichoacan _xAntigüedades _955107 |
|
| 650 | 0 |
_aObsidiana _zMéxico _zMichoacán _955109 |
|
| 651 | 4 |
_aMichoacán _xAntigüedades _955105 |
|
| 856 | 4 | 0 | _uhttps://doi.org/10.4000/books.cemca.2401 |
| 902 | _bMaríaRobles/050125 | ||
| 942 |
_2lcc _cLIBRO-E |
||
| 999 |
_c212401 _d212401 |
||